Základné otázky pojmu podstaty a štruktúry verejnej správy.
Niektoré teoretické východiská skúmania podstaty verejnej správy. Otázka podstaty verejnej správy. Nesporný riadiaci charakter verejnej správy. Charakter mocenských zásahov verejnoprávnych subjektov.
Saved in:
| Main Author: | |
|---|---|
| Format: | Book Chapter |
| Language: | Slovak |
| Subjects: | |
| Tags: |
No Tags, Be the first to tag this record!
|
MARC
| LEADER | 00000naa a2200000 4500 | ||
|---|---|---|---|
| 001 | r008002 | ||
| 005 | 20220831085652.3 | ||
| 041 | 0 | |a slo | |
| 044 | |a [CS] | ||
| 245 | 1 | 0 | |a Základné otázky pojmu podstaty a štruktúry verejnej správy. |c J. Ružička |
| 520 | |a Niektoré teoretické východiská skúmania podstaty verejnej správy. Otázka podstaty verejnej správy. Nesporný riadiaci charakter verejnej správy. Charakter mocenských zásahov verejnoprávnych subjektov. | ||
| 610 | 2 | 0 | |a správa verejná |
| 610 | 2 | 0 | |a riadenie |
| 610 | 2 | 0 | |a štruktúra organizačná |
| 100 | 1 | |a Ružička, J. | |